Aká bude nová Európska susedská politika

Potreba redefinície susedských vzťahov vo zväčšenej Európskej únii. Európska susedská politika zameraná na susedov na východe a na juhu. Vypracovanie tzv. Country reports, ktoré stanovujú ciele spolupráce. Finančná pomoc cez projekty cezhraničnej spolupráce. Spolupráca s krajinami, s ktorými sa nepo...

Descripción completa

Guardado en:
Detalles Bibliográficos
Autor principal: Šmihula, Daniel
Formato: Capítulo de libro
Lenguaje:eslovaco
Materias:
Etiquetas: Agregar Etiqueta
Sin Etiquetas, Sea el primero en etiquetar este registro!

MARC

LEADER 00000naa$a2200000$$$4500
001 0028927
005 20231004125831.5
041 0 |a slo 
044 |a SK 
245 1 0 |a Aká bude nová Európska susedská politika  |c Daniel Šmihula 
520 |a Potreba redefinície susedských vzťahov vo zväčšenej Európskej únii. Európska susedská politika zameraná na susedov na východe a na juhu. Vypracovanie tzv. Country reports, ktoré stanovujú ciele spolupráce. Finančná pomoc cez projekty cezhraničnej spolupráce. Spolupráca s krajinami, s ktorými sa nepočíta v dohľadnom čase ako s kandidátmi na vstup do EÚ. 
610 2 0 |a spolupráca hospodárska medzinárodná 
610 2 0 |a spolupráca cezhraničná 
610 2 0 |a pomoc finančná 
610 2 0 |a projekty medzinárodné 
610 2 0 |a dohody asociačné 
610 2 0 |a bezpečnosť 
610 2 0 |a zdravotníctvo 
610 2 0 |a energetika 
610 2 0 |a Európska únia 
100 1 |a Šmihula, Daniel